Les plus gros partenaires commerciaux - Argentine - Statistiques

Statistiques générales
  • Ce quiz a été pris 129 fois
  • Le résultat moyen est 18 sur 23
Statistiques - réponses
exportations importations pays % Correct
9,03 md 13,6 md Brésil
99%
2,30 md 0,69 md Chili
99%
4,48 md 6,98 md Etats-Unis
99%
4,43 md 10,5 md Chine
98%
1,45 md France
97%
1,78 md Mexique
97%
1,63 md 0,92 md Espagne
94%
1,27 md 3,05 md Allemagne
91%
1,15 md Canada
91%
1,00 md 1,44 md Italie
91%
0,95 md Japon
91%
1,13 md Uruguay
91%
0,71 md Bolivie
87%
2,21 md 0,70 md Inde
87%
0,71 md Paraguay
85%
0,89 md Corée du Sud
80%
1,24 md Indonésie
65%
1,17 md Pays-Bas
62%
1,14 md 0,52 md Suisse
62%
1,13 md Thaïlande
53%
2,55 md Viêt Nam
49%
1,79 md Égypte
35%
1,16 md Algérie
32%
Aucun quiz correspondant
Distribution des résultats
% des personnes avec chaque résultat
Percentile par nombre de réponses
Votre historique - résultats
Vous n’avez pas pris ce quiz